000 01317nam a2200337 i 4500
003 DO-SdBNP
005 20260324141637.0
007 ta
008 260216b2025 dr ||||| |||| 00| 0 spa d
020 _a9789945510898
040 _aDO-SdBNP
_bspa
_cBNPHU
_erda
041 _aspa
082 4 _axxx
_bB253u
_222
100 1 _aBarinas Uribe, Marcos
_eautor
_4aut.
_989027
245 1 0 _aUrbanista de cabecera :
_bincisiones críticas en el Gran Santo Domingo /
_cMarcos Barinas Uribe ; coordinación editorial, Clara Dobarro ; edición, Gregorio García y María del Carmen Vicente.
250 _aPrimera edición
264 4 _aSanto Domingo, República Dominicana :
_bEditora Nacional,
_c©2025.
300 _a204 páginas ;
_c23 cm.
336 _atexto
_btxt
_2rdacontent
337 _asin mediación
_bn
_2rdamedia
338 _avolumen
_bnc
_2rdacarrier
490 _aColección arquitectura dominicana
500 _aIncluye datos biográficos del autor en las solapas.
500 _aIncluye referencias bibliográficas y notas al pie de las páginas
590 _aInventariado, 2026 / LP
700 1 _aDobarro, Clara,
_ecoordinador
_4coord.
_934619
700 1 _aGarcía, Gregorio,
_eedición
_4ed.
_915761
700 1 _aVicente, María del Carmen,
_eedición
_4ed.
910 _aLP
942 _2ddc
_cLBS1
999 _c60329
_d60329